000 00725cam a22002295a 4500
001 L159665
008 150226s2017 xxk f 000 0 eng d
035 _a(Sirsi) u159665
041 0 _aeng
100 1 _aBlackman, David
245 0 0 _aBoard gains
260 _c2017
490 _aModus
_vMay 2017, 14-17 (4)
520 _aDescribes how to avoid lengthy construction disputes by using dispute boards.
590 _aKA
650 2 4 _aDISPUTE RESOLUTION SERVICE
650 2 4 _aDISPUTE RESOLUTION BOARD
650 2 4 _aMANAGEMENT-DISPUTE AVOIDANCE, MANAGEMENT AND RESOLUTION-DISPUTE MANAGEMENT AND RESOLUTION-ALTERNATIVE DISPUTE RESOLUTION
650 2 4 _aARBITRATION
690 _aDispute resolution
_96236
942 _n0
999 _c84899
_d84899